[Event "Madrid 2022-2023 ch - Previa A"]
[Site "Madrid ESP"]
[Date "2023.02.22"]
[Round "9.3"]
[White "Blazquez Sanz, Oscar"]
[Black "Ruiz Bellon, Manuel"]
[Result "0-1"]
[WhiteElo "1886"]
[BlackElo "1950"]
[PlyCount "94"]
[EventDate "2023.02.06"]
[EventType "swiss"]
[EventRounds "9"]
[EventCountry "ESP"]
[SourceTitle "Ajedrez en Madrid"]
[Source "lmi"]
[SourceDate "2023.02.06"]
[SourceVersion "1"]
[SourceVersionDate "2023.03.03"]
[SourceQuality "1"]

1. e4 c5 2. Nf3 Nc6 3. d4 cxd4 4. Nxd4 Nf6 5. Nc3 e5 6. Ndb5 d6 7. Bg5 a6 8.
Na3 b5 9. Nd5 Be7 10. Bxf6 Bxf6 11. c3 Bg5 12. Nc2 O-O 13. h4 Bh6 14. Be2 Be6
15. Nce3 Bxe3 16. Nxe3 Ne7 17. Bg4 Kh8 18. Bxe6 fxe6 19. Qd2 Rc8 20. Rd1 Rc6
21. Ng4 Qb6 22. Qg5 Ng8 23. h5 h6 24. Qd2 Rf4 25. f3 Nf6 26. Nxf6 Rxf6 27. Qf2
Qc7 28. Rd3 b4 29. Qd2 bxc3 30. Rxc3 d5 31. exd5 exd5 32. Qxd5 Rxc3 33. bxc3
Rd6 34. Qb3 Rb6 35. Qc2 Qc5 36. Ke2 e4 37. Qxe4 Rb2+ 38. Kd1 Qd6+ 39. Qd4 Qxd4+
40. cxd4 Rb1+ 41. Ke2 Rxh1 42. g4 Kg8 43. Kd3 Ra1 44. d5 Rxa2 45. Ke4 Kf7 46.
Ke5 Re2+ 47. Kd6 a5 0-1

[Event "Madrid 2022-2023 ch - Previa A"]
[Site "Madrid ESP"]
[Date "2023.02.22"]
[Round "9.8"]
[White "Alvarez Abejon, Amilcar"]
[Black "Guach Rodriguez, Marco Antonio"]
[Result "1-0"]
[WhiteElo "1863"]
[BlackElo "1701"]
[PlyCount "107"]
[EventDate "2023.02.06"]
[EventType "swiss"]
[EventRounds "9"]
[EventCountry "ESP"]
[SourceTitle "Ajedrez en Madrid"]
[Source "lmi"]
[SourceDate "2023.02.06"]
[SourceVersion "1"]
[SourceVersionDate "2023.03.03"]
[SourceQuality "1"]

1. e4 e5 2. Nf3 Nc6 3. Bb5 a6 4. Ba4 Nf6 5. d4 exd4 6. O-O Be7 7. e5 Nd5 8.
Nxd4 Nb6 9. Bxc6 dxc6 10. e6 Bxe6 11. Nxe6 fxe6 12. Qh5+ g6 13. Qe5 Bf6 14.
Qxe6+ Qe7 15. Qxe7+ Kxe7 16. Re1+ Kf7 17. Nd2 Rhe8 18. Rxe8 Rxe8 19. Kf1 Na4
20. Rb1 Rd8 21. Ne4 Re8 22. Nxf6 Kxf6 23. b3 Nc5 24. Bb2+ Kf7 25. Rd1 Re7 26.
Ba3 Rd7 27. Rxd7+ Nxd7 28. Ke2 Ke6 29. Bb2 b5 30. c4 bxc4 31. bxc4 Nb6 32. Kd3
c5 33. h3 Nd7 34. g4 g5 35. a4 Ne5+ 36. Bxe5 Kxe5 37. Ke3 a5 38. f3 h6 39. h4
c6 40. hxg5 hxg5 41. f4+ gxf4+ 42. Kf3 Kd4 43. Kxf4 Kxc4 44. g5 Kb4 45. g6 Kxa4
46. g7 Kb4 47. g8=Q c4 48. Ke4 a4 49. Qb8+ Kc3 50. Qa7 Kb3 51. Qb6+ Ka2 52. Kd4
c5+ 53. Kc3 a3 54. Kc2 1-0

[Event "Madrid 2022-2023 ch - Previa A"]
[Site "Madrid ESP"]
[Date "2023.02.22"]
[Round "9.9"]
[White "Garcia Martin, Esteban"]
[Black "Arevillca Colque, Jonatan"]
[Result "1-0"]
[WhiteElo "1819"]
[BlackElo "1765"]
[PlyCount "57"]
[EventDate "2023.02.06"]
[EventType "swiss"]
[EventRounds "9"]
[EventCountry "ESP"]
[SourceTitle "Ajedrez en Madrid"]
[Source "lmi"]
[SourceDate "2023.02.06"]
[SourceVersion "1"]
[SourceVersionDate "2023.03.03"]
[SourceQuality "1"]

1. c4 e5 2. Nc3 Nc6 3. g3 f5 4. d3 Bc5 5. Bg2 Nf6 6. e3 d6 7. Nge2 O-O 8. d4
Bb6 9. dxe5 dxe5 10. O-O Be6 11. Nd5 Bxd5 12. cxd5 Ne7 13. d6 cxd6 14. Bxb7 Rb8
15. Bg2 d5 16. b3 Qd6 17. Bb2 Rfd8 18. Qd3 Rbc8 19. Rac1 g6 20. Qa6 Ng4 21.
Rxc8 Rxc8 22. Ba3 Rc5 23. Bxc5 Qxc5 24. Rc1 Qb4 25. Qd3 e4 26. Qc3 Qb5 27. Bf1
Qa6 28. h3 Ba5 29. b4 1-0

[Event "Madrid 2022-2023 ch - Previa A"]
[Site "Madrid ESP"]
[Date "2023.02.22"]
[Round "9.10"]
[White "Jimenez Gonzalez, Marcos"]
[Black "Pashov, Spas Nikolov"]
[Result "1-0"]
[WhiteElo "1748"]
[BlackElo "1806"]
[PlyCount "55"]
[EventDate "2023.02.06"]
[EventType "swiss"]
[EventRounds "9"]
[EventCountry "ESP"]
[SourceTitle "Ajedrez en Madrid"]
[Source "lmi"]
[SourceDate "2023.02.06"]
[SourceVersion "1"]
[SourceVersionDate "2023.03.03"]
[SourceQuality "1"]

1. d4 Nf6 2. c4 g6 3. g3 d5 4. cxd5 Qxd5 5. Nf3 Bg7 6. Nc3 Qa5 7. Bg2 Ne4 8.
Qb3 O-O 9. O-O Nxc3 10. bxc3 Na6 11. Bf4 c5 12. Rac1 Nc7 13. e4 Ne6 14. Be3 b6
15. d5 Nc7 16. c4 Bg4 17. h3 Bxf3 18. Bxf3 Ne8 19. Rfe1 e6 20. e5 exd5 21. Bxd5
Rd8 22. Bg5 Nc7 23. Bxd8 Rxd8 24. Rcd1 Re8 25. f4 Qa6 26. Qd3 Qc8 27. Kg2 Rd8
28. Bxf7+ 1-0

[Event "Madrid 2022-2023 ch - Previa A"]
[Site "Madrid ESP"]
[Date "2023.02.22"]
[Round "9.11"]
[White "Marin Lopez, Jeronimo"]
[Black "Rodriguez Garcia, Jose Maria"]
[Result "1-0"]
[WhiteElo "1875"]
[BlackElo "1977"]
[PlyCount "63"]
[EventDate "2023.02.06"]
[EventType "swiss"]
[EventRounds "9"]
[EventCountry "ESP"]
[SourceTitle "Ajedrez en Madrid"]
[Source "lmi"]
[SourceDate "2023.02.06"]
[SourceVersion "1"]
[SourceVersionDate "2023.03.03"]
[SourceQuality "1"]

1. e4 c6 2. Nc3 d5 3. Nf3 Bg4 4. h3 Bxf3 5. Qxf3 e6 6. d3 d4 7. Nb1 e5 8. Nd2
Ne7 9. Be2 Ng6 10. O-O Be7 11. a4 O-O 12. g3 Qd7 13. h4 Na6 14. Nc4 Bf6 15. Bd2
Nc7 16. a5 c5 17. Kg2 Rae8 18. h5 Ne7 19. h6 Nc6 20. Rh1 Re6 21. hxg7 Bxg7 22.
Qh5 h6 23. Bg4 Rfe8 24. Rh3 Qd8 25. Bf5 Rf6 26. g4 Ne6 27. Rg1 Nf4+ 28. Bxf4
exf4 29. Kh1 Kf8 30. g5 Rxf5 31. exf5 Qd5+ 32. f3 1-0

[Event "Madrid 2022-2023 ch - Previa A"]
[Site "Madrid ESP"]
[Date "2023.02.22"]
[Round "9.13"]
[White "Garcia Gonzalez, Pedro A."]
[Black "De Vicente Guijarro, Juan"]
[Result "0-1"]
[WhiteElo "1725"]
[BlackElo "1803"]
[PlyCount "54"]
[EventDate "2023.02.06"]
[EventType "swiss"]
[EventRounds "9"]
[EventCountry "ESP"]
[SourceTitle "Ajedrez en Madrid"]
[Source "lmi"]
[SourceDate "2023.02.06"]
[SourceVersion "1"]
[SourceVersionDate "2023.03.03"]
[SourceQuality "1"]

1. d4 d5 2. Nf3 Nf6 3. e3 g6 4. Nbd2 Bg7 5. b4 O-O 6. Bb2 a5 7. b5 a4 8. Ba3 c6
9. c4 Re8 10. Be2 Ne4 11. Nxe4 dxe4 12. Nd2 e5 13. bxc6 exd4 14. cxb7 Bxb7 15.
Rb1 Bc6 16. exd4 e3 17. Nf3 Bxf3 18. Bxf3 exf2+ 19. Kxf2 Bxd4+ 20. Kf1 Ra6 21.
Rxb8 Qxb8 22. Qxd4 Qb1+ 23. Bd1 Rf6+ 24. Qxf6 Qxd1+ 25. Kf2 Qxh1 26. Bb2 Qe1+
27. Kf3 Qe3+ 0-1

[Event "Madrid 2022-2023 ch - Previa A"]
[Site "Madrid ESP"]
[Date "2023.02.22"]
[Round "9.14"]
[White "Martin Romero, David"]
[Black "Villodre Miranda, Juan Alonso"]
[Result "1-0"]
[WhiteElo "1765"]
[BlackElo "1503"]
[PlyCount "119"]
[EventDate "2023.02.06"]
[EventType "swiss"]
[EventRounds "9"]
[EventCountry "ESP"]
[SourceTitle "Ajedrez en Madrid"]
[Source "lmi"]
[SourceDate "2023.02.06"]
[SourceVersion "1"]
[SourceVersionDate "2023.03.03"]
[SourceQuality "1"]

1. e4 e5 2. Nf3 d6 3. d4 exd4 4. Nxd4 Nc6 5. Bb5 Bd7 6. O-O Nxd4 7. Bxd7+ Qxd7
8. Qxd4 b6 9. Nc3 O-O-O 10. Be3 Nf6 11. f3 Rg8 12. a4 d5 13. Qd3 d4 14. Qa6+
Kb8 15. Nb5 c5 16. Bf4+ Ka8 17. Nc7+ Kb8 18. Ne6+ Bd6 19. Bxd6+ Qxd6 20. Nxd8
Rxd8 21. a5 Rd7 22. axb6 Qxb6 23. Qxb6+ axb6 24. Ra6 Rb7 25. Rfa1 Kc7 26. Ra7
Nd7 27. Rxb7+ Kxb7 28. Kf2 Ne5 29. b3 Nc6 30. Ke2 b5 31. f4 f6 32. g4 Nb4 33.
Kd2 Nc6 34. g5 fxg5 35. fxg5 Ne5 36. Rf1 Kc6 37. h4 Kd6 38. h5 Ke6 39. h6 gxh6
40. gxh6 c4 41. bxc4 bxc4 42. Rf8 Ng4 43. Rc8 Ke5 44. Rxc4 Nxh6 45. Kd3 Ng4 46.
Rc5+ Kd6 47. Rd5+ Ke6 48. Kxd4 h6 49. c4 Nf6 50. Rf5 h5 51. Rxf6+ Kxf6 52. Ke3
Ke5 53. c5 Ke6 54. Kf4 Kd7 55. e5 h4 56. Kg4 Ke6 57. c6 Ke7 58. Kxh4 Kd8 59. e6
Kc7 60. e7 1-0

[Event "Madrid 2022-2023 ch - Previa A"]
[Site "Madrid ESP"]
[Date "2023.02.22"]
[Round "9.15"]
[White "Palacios Sanchez, Victor"]
[Black "Galarreta Santana, Javier"]
[Result "1-0"]
[WhiteElo "1646"]
[BlackElo "1739"]
[PlyCount "71"]
[EventDate "2023.02.06"]
[EventType "swiss"]
[EventRounds "9"]
[EventCountry "ESP"]
[SourceTitle "Ajedrez en Madrid"]
[Source "lmi"]
[SourceDate "2023.02.06"]
[SourceVersion "1"]
[SourceVersionDate "2023.03.03"]
[SourceQuality "1"]

1. e4 e5 2. Nf3 Nc6 3. d4 exd4 4. Nxd4 Nf6 5. Nxc6 bxc6 6. e5 Qe7 7. Qe2 Nd5 8.
c4 Ba6 9. b3 g6 10. Bb2 Bg7 11. g3 d6 12. Bg2 O-O 13. O-O Rab8 14. Nd2 Nb6 15.
Rfe1 d5 16. Qe3 Rfd8 17. c5 Nd7 18. Bd4 Re8 19. f4 f6 20. Nf3 fxe5 21. fxe5 h6
22. Bh3 Nf8 23. e6 Bc8 24. Bxg7 Kxg7 25. Nd4 Qg5 26. Qc3 Kg8 27. Nxc6 Ra8 28.
Re5 Qf6 29. Rf1 Qh8 30. Qf3 Qg7 31. Qf7+ Kh8 32. Qxe8 Bb7 33. Rxf8+ Qxf8 34.
Qxf8+ Rxf8 35. e7 Re8 36. Bd7 1-0

[Event "Madrid 2022-2023 ch - Previa A"]
[Site "Madrid ESP"]
[Date "2023.02.22"]
[Round "9.16"]
[White "Sanchez Arriola, Ignacio"]
[Black "Guardiola Sevilla, Antonio"]
[Result "1-0"]
[WhiteElo "1580"]
[BlackElo "1716"]
[PlyCount "101"]
[EventDate "2023.02.06"]
[EventType "swiss"]
[EventRounds "9"]
[EventCountry "ESP"]
[SourceTitle "Ajedrez en Madrid"]
[Source "lmi"]
[SourceDate "2023.02.06"]
[SourceVersion "1"]
[SourceVersionDate "2023.03.03"]
[SourceQuality "1"]

1. c4 e6 2. Nf3 Nf6 3. d4 d5 4. e3 c6 5. c5 Be7 6. b4 O-O 7. Nc3 Nbd7 8. a4 b6
9. Bd3 bxc5 10. bxc5 a5 11. O-O Ba6 12. Bxa6 Rxa6 13. Rb1 Qc7 14. Qd3 Raa8 15.
Bd2 e5 16. Qc2 e4 17. Ng5 Ng4 18. f4 Bxg5 19. h3 Nh2 20. Kxh2 f5 21. g3 Be7 22.
Be1 Rab8 23. Bf2 Rxb1 24. Rxb1 Rb8 25. Kg2 Rb7 26. g4 fxg4 27. hxg4 Qb8 28. g5
Rxb1 29. Qxb1 Bd8 30. Qa2 Qb7 31. Nxe4 Kf8 32. Nd2 Bc7 33. Qb1 Qxb1 34. Nxb1
Kf7 35. Nd2 h6 36. gxh6 gxh6 37. Be1 Kf6 38. Nb3 Kf5 39. Kf3 h5 40. Nxa5 Nb8
41. Nb3 Na6 42. Ba5 h4 43. Bxc7 Nxc7 44. Na5 h3 45. Kg3 Ke4 46. Nxc6 Kxe3 47.
f5 Ke4 48. f6 Kf5 49. f7 Ne6 50. a5 Kf6 51. Nd8 1-0

[Event "Madrid 2022-2023 ch - Previa A"]
[Site "Madrid ESP"]
[Date "2023.02.22"]
[Round "9.17"]
[White "Martin-Buitrago Lopez, Antonio"]
[Black "Rubio Rivera, Felix"]
[Result "1-0"]
[WhiteElo "1705"]
[BlackElo "1476"]
[PlyCount "61"]
[EventDate "2023.02.06"]
[EventType "swiss"]
[EventRounds "9"]
[EventCountry "ESP"]
[SourceTitle "Ajedrez en Madrid"]
[Source "lmi"]
[SourceDate "2023.02.06"]
[SourceVersion "1"]
[SourceVersionDate "2023.03.03"]
[SourceQuality "1"]

1. e4 e6 2. d4 d5 3. e5 c5 4. c3 Nc6 5. Nf3 Qb6 6. Bd3 Bd7 7. dxc5 Bxc5 8. O-O
Nh6 9. b4 Be7 10. Bf4 a6 11. Nbd2 f6 12. Nb3 O-O 13. Bxh6 gxh6 14. exf6 Bxf6
15. Qd2 Bg7 16. Rac1 e5 17. Bb1 Ne7 18. Nc5 Bf5 19. Bxf5 Rxf5 20. Rce1 Qc6 21.
Nh4 Rh5 22. g3 b6 23. Nb3 Nf5 24. Qe2 Rg5 25. Nf3 Nxg3 26. fxg3 Rf5 27. g4 Qg6
28. Nh4 Rxf1+ 29. Rxf1 Qg5 30. Ng2 h5 31. gxh5 1-0

[Event "Madrid 2022-2023 ch - Previa A"]
[Site "Madrid ESP"]
[Date "2023.02.22"]
[Round "9.18"]
[White "Fernandez Rios, Jose Francisco"]
[Black "Javaloyes Ruiz, Miguel"]
[Result "0-1"]
[WhiteElo "1680"]
[BlackElo "1432"]
[PlyCount "38"]
[EventDate "2023.02.06"]
[EventType "swiss"]
[EventRounds "9"]
[EventCountry "ESP"]
[SourceTitle "Ajedrez en Madrid"]
[Source "lmi"]
[SourceDate "2023.02.06"]
[SourceVersion "1"]
[SourceVersionDate "2023.03.03"]
[SourceQuality "1"]

1. d4 d5 2. c4 c6 3. Nf3 Nf6 4. e3 Bf5 5. cxd5 cxd5 6. Qb3 Qc7 7. Bd2 a6 8. Be2
e6 9. O-O Nc6 10. Rc1 Bd6 11. Ne5 O-O 12. f4 Ne4 13. Nxc6 bxc6 14. Bb4 Rfb8 15.
Bxd6 Qxd6 16. Qa4 Rxb2 17. Rxc6 Rxe2 18. Kf1 Rf2+ 19. Kg1 Qb8 0-1

[Event "Madrid 2022-2023 ch - Previa A"]
[Site "Madrid ESP"]
[Date "2023.02.22"]
[Round "9.19"]
[White "Metola Arias, Mario"]
[Black "Cujba, Anca-Claudia"]
[Result "0-1"]
[WhiteElo "1498"]
[BlackElo "1669"]
[PlyCount "46"]
[EventDate "2023.02.06"]
[EventType "swiss"]
[EventRounds "9"]
[EventCountry "ESP"]
[SourceTitle "Ajedrez en Madrid"]
[Source "lmi"]
[SourceDate "2023.02.06"]
[SourceVersion "1"]
[SourceVersionDate "2023.03.03"]
[SourceQuality "1"]

1. e4 b6 2. Nc3 Bb7 3. d4 e6 4. Nf3 Bb4 5. e5 c5 6. a3 cxd4 7. Qxd4 Bxc3+ 8.
Qxc3 Nc6 9. Bg5 Nge7 10. O-O-O h6 11. Bh4 g5 12. Nxg5 hxg5 13. Bxg5 Rg8 14. Bf6
Rc8 15. Qd3 Qc7 16. Rd2 Ng6 17. Qh3 Ngxe5 18. Qh7 Ne7 19. Qh4 N5g6 20. Qh7 Qf4
21. Bxe7 Kxe7 22. Qh3 Ne5 23. Bb5 Bxg2 0-1

[Event "Madrid 2022-2023 ch - Previa A"]
[Site "Madrid ESP"]
[Date "2023.02.22"]
[Round "9.20"]
[White "Mejias Gonzalez, Pedro"]
[Black "De Luna Butz, Alberto"]
[Result "1/2-1/2"]
[WhiteElo "1489"]
[BlackElo "1665"]
[PlyCount "76"]
[EventDate "2023.02.06"]
[EventType "swiss"]
[EventRounds "9"]
[EventCountry "ESP"]
[SourceTitle "Ajedrez en Madrid"]
[Source "lmi"]
[SourceDate "2023.02.06"]
[SourceVersion "1"]
[SourceVersionDate "2023.03.03"]
[SourceQuality "1"]

1. b3 e5 2. Bb2 Nc6 3. e4 Nf6 4. d3 d5 5. Nd2 Bb4 6. c3 Bc5 7. Be2 O-O 8. h3 a5
9. Ngf3 Qd6 10. O-O Bb6 11. c4 d4 12. Nh2 Ne7 13. Ng4 Ng6 14. a4 Bc5 15. Nxf6+
Qxf6 16. Nf3 Nf4 17. Bc1 Bb4 18. Bxf4 Qxf4 19. Qc1 Qxc1 20. Raxc1 f6 21. Nh2
Be6 22. Bg4 Bf7 23. Be2 h5 24. Nf3 g5 25. Ne1 Kg7 26. Nc2 Bc3 27. g4 h4 28. Kg2
c6 29. f3 b5 30. Rb1 Rfb8 31. Na3 bxa4 32. bxa4 Rb4 33. Bd1 Rab8 34. Rxb4 axb4
35. Nb1 c5 36. Bb3 Be8 37. Rf2 Ra8 38. Ra2 Kf7 1/2-1/2

[Event "Madrid 2022-2023 ch - Previa A"]
[Site "Madrid ESP"]
[Date "2023.02.22"]
[Round "9.21"]
[White "Balsera Gomez, Antonio"]
[Black "Melero Fernandez, Jose M"]
[Result "1-0"]
[WhiteElo "1663"]
[BlackElo "1334"]
[PlyCount "77"]
[EventDate "2023.02.06"]
[EventType "swiss"]
[EventRounds "9"]
[EventCountry "ESP"]
[SourceTitle "Ajedrez en Madrid"]
[Source "lmi"]
[SourceDate "2023.02.06"]
[SourceVersion "1"]
[SourceVersionDate "2023.03.03"]
[SourceQuality "1"]

1. d4 g6 2. Nf3 Nf6 3. e3 Bg7 4. c4 d6 5. Nc3 O-O 6. Be2 Nbd7 7. O-O e5 8. b3
b6 9. Bb2 Bb7 10. Qc2 a6 11. d5 Ne8 12. e4 f5 13. exf5 Rxf5 14. Ne4 h6 15. Bd3
Rxf3 16. gxf3 Qh4 17. Ng3 Nef6 18. Bxg6 Rf8 19. Nf5 Qg5+ 20. Kh1 Qf4 21. Qe2 e4
22. Nxg7 Kxg7 23. Qxe4 Qxe4 24. Bxe4 Kf7 25. Rae1 Nc5 26. Bf5 b5 27. b4 Na4 28.
Be6+ Kg6 29. Rg1+ Kh5 30. Bxf6 Rxf6 31. Bg4+ Kh4 32. Re4 Nc3 33. Re6 Rxe6 34.
dxe6 bxc4 35. Rc1 Nd5 36. Rxc4 h5 37. e7 Nxe7 38. Bc8+ Kg5 39. Bxb7 1-0

[Event "Madrid 2022-2023 ch - Previa A"]
[Site "Madrid ESP"]
[Date "2023.02.22"]
[Round "9.22"]
[White "Barahona Torrijos, Angel"]
[Black "Rioyo Bailin, Lucas"]
[Result "1-0"]
[WhiteElo "1761"]
[BlackElo "1432"]
[PlyCount "51"]
[EventDate "2023.02.06"]
[EventType "swiss"]
[EventRounds "9"]
[EventCountry "ESP"]
[SourceTitle "Ajedrez en Madrid"]
[Source "lmi"]
[SourceDate "2023.02.06"]
[SourceVersion "1"]
[SourceVersionDate "2023.03.03"]
[SourceQuality "1"]

1. e4 e6 2. d4 d5 3. Nc3 c5 4. exd5 exd5 5. dxc5 d4 6. Bb5+ Nc6 7. Qe2+ Be6 8.
Ne4 Be7 9. Nf3 Bg4 10. Bxc6+ bxc6 11. Nd6+ Kf8 12. Nxf7 Kxf7 13. Ne5+ Kf8 14.
Qxg4 Nf6 15. Qe6 Qe8 16. O-O Qh5 17. Bg5 Re8 18. Rae1 Bxc5 19. Qxc6 Be7 20.
Bxf6 Bxf6 21. Nd7+ Kf7 22. Nxf6 gxf6 23. Qd7+ Kf8 24. Rxe8+ Qxe8 25. Qxe8+ Kxe8
26. Rd1 1-0

[Event "Madrid 2022-2023 ch - Previa A"]
[Site "Madrid ESP"]
[Date "2023.02.22"]
[Round "9.23"]
[White "Gomez Ramirez, Jorge"]
[Black "Martinez Miura, Enrique"]
[Result "0-1"]
[WhiteElo "1298"]
[BlackElo "1494"]
[PlyCount "62"]
[EventDate "2023.02.06"]
[EventType "swiss"]
[EventRounds "9"]
[EventCountry "ESP"]
[SourceTitle "Ajedrez en Madrid"]
[Source "lmi"]
[SourceDate "2023.02.06"]
[SourceVersion "1"]
[SourceVersionDate "2023.03.03"]
[SourceQuality "1"]

1. d4 d5 2. c4 c6 3. Nc3 Nf6 4. Nf3 e6 5. e3 Be7 6. Bd3 Nbd7 7. O-O O-O 8. Qc2
dxc4 9. Bxc4 b5 10. Bd3 Bb7 11. Ne4 Nxe4 12. Bxe4 Nf6 13. Bd3 Rc8 14. Qe2 a6
15. Ne5 Qd5 16. f3 c5 17. Rd1 cxd4 18. exd4 Qxd4+ 19. Kh1 Qc5 20. Bg5 Rc7 21.
Be3 Qxe5 22. Qf2 Bc5 23. Bxc5 Qxc5 24. Qg3 Rd8 25. Qh4 Rcd7 26. Bxh7+ Nxh7 27.
Rdc1 Qg5 28. Qe1 Qd2 29. Qg1 Ng5 30. h4 Nxf3 31. Qf1 Nxh4 0-1

[Event "Madrid 2022-2023 ch - Previa A"]
[Site "Madrid ESP"]
[Date "2023.02.22"]
[Round "9.24"]
[White "Carrera Cabaneros, Francisco"]
[Black "Ramos Antona, Enrique"]
[Result "1/2-1/2"]
[WhiteElo "1757"]
[BlackElo "1565"]
[PlyCount "66"]
[EventDate "2023.02.06"]
[EventType "swiss"]
[EventRounds "9"]
[EventCountry "ESP"]
[SourceTitle "Ajedrez en Madrid"]
[Source "lmi"]
[SourceDate "2023.02.06"]
[SourceVersion "1"]
[SourceVersionDate "2023.03.03"]
[SourceQuality "1"]

1. d4 Nf6 2. c4 e6 3. Nf3 d5 4. Nc3 c6 5. Bg5 Be7 6. e3 Nbd7 7. Bd3 h6 8. Bf4
dxc4 9. Bxc4 b5 10. Bd3 Nh5 11. Bg3 Bb7 12. Rc1 a6 13. Ne4 Nxg3 14. hxg3 Rc8
15. O-O O-O 16. Bb1 f5 17. Nc5 Nxc5 18. dxc5 Qxd1 19. Rfxd1 Rcd8 20. Nd4 Kf7
21. b4 g6 22. e4 Bf6 23. Nf3 Bb2 24. Rxd8 Rxd8 25. Re1 Bc3 26. Rc1 Bxb4 27.
Ne5+ Kf6 28. Nd3 Ba5 29. e5+ Kf7 30. a3 Bc7 31. f4 a5 32. Kf2 h5 33. Ke3 Ke7
1/2-1/2

[Event "Madrid 2022-2023 ch - Previa A"]
[Site "Madrid ESP"]
[Date "2023.02.22"]
[Round "9.25"]
[White "De la Villa Ramos, Maria"]
[Black "San Segundo Ortiz, Fernando"]
[Result "1/2-1/2"]
[WhiteElo "1421"]
[BlackElo "1735"]
[PlyCount "55"]
[EventDate "2023.02.06"]
[EventType "swiss"]
[EventRounds "9"]
[EventCountry "ESP"]
[SourceTitle "Ajedrez en Madrid"]
[Source "lmi"]
[SourceDate "2023.02.06"]
[SourceVersion "1"]
[SourceVersionDate "2023.03.03"]
[SourceQuality "1"]

1. e4 c5 2. Nf3 g6 3. d4 cxd4 4. Nxd4 Bg7 5. Nc3 Nc6 6. Nxc6 bxc6 7. Bc4 d6 8.
Be3 Nf6 9. h3 O-O 10. Qd2 e6 11. Rd1 d5 12. Bh6 Qc7 13. Bxg7 Kxg7 14. Be2 dxe4
15. g4 Qe5 16. h4 Nd5 17. Nxd5 cxd5 18. g5 f6 19. Qe3 Qf5 20. gxf6+ Qxf6 21.
Qg3 Rf7 22. h5 Qf4 23. Qxf4 Rxf4 24. hxg6 hxg6 25. Rh2 a5 26. Kd2 Bd7 27. Rdh1
Kf6 28. Rg2 1/2-1/2

[Event "Madrid 2022-2023 ch - Previa A"]
[Site "Madrid ESP"]
[Date "2023.02.22"]
[Round "9.27"]
[White "Calle Trueba, Jose Antonio"]
[Black "Becerra Baigorri, Jose"]
[Result "0-1"]
[WhiteElo "1335"]
[BlackElo "1539"]
[PlyCount "31"]
[EventDate "2023.02.06"]
[EventType "swiss"]
[EventRounds "9"]
[EventCountry "ESP"]
[SourceTitle "Ajedrez en Madrid"]
[Source "lmi"]
[SourceDate "2023.02.06"]
[SourceVersion "1"]
[SourceVersionDate "2023.03.03"]
[SourceQuality "1"]

1. d4 d5 2. Bf4 Nf6 3. Nf3 Bg4 4. Nbd2 e6 5. e3 Bd6 6. Bxd6 Qxd6 7. Be2 Nbd7 8.
c3 O-O 9. h3 Bh5 10. Ng5 Bxe2 11. Qxe2 c5 12. O-O Rac8 13. e4 cxd4 14. cxd4
dxe4 15. Ndxe4 Qxd4 16. Nf3 0-1

[Event "Madrid 2022-2023 ch - Previa A"]
[Site "Madrid ESP"]
[Date "2023.02.22"]
[Round "9.28"]
[White "Gonzalez Bolado, David"]
[Black "Lopez Del Moral Lopez de, Rafael"]
[Result "1-0"]
[WhiteElo "1313"]
[BlackElo "1480"]
[PlyCount "83"]
[EventDate "2023.02.06"]
[EventType "swiss"]
[EventRounds "9"]
[EventCountry "ESP"]
[SourceTitle "Ajedrez en Madrid"]
[Source "lmi"]
[SourceDate "2023.02.06"]
[SourceVersion "1"]
[SourceVersionDate "2023.03.03"]
[SourceQuality "1"]

{[%evp 0,18,19,38,25,7,30,27,50,-34,-28,-23,-28,-18,-21,-23,-2,-3,12,-11,60]} 
1. e4 e5 2. Nf3 Nc6 3. Bc4 Be7 4. c3 Nf6 5. d3 d6 6. Bb3 O-O 7. Nbd2 d5 8. O-O
Bg4 9. Re1 d4 10. Nf1 b5 11. Ng3 a5 12. h3 Bc8 13. cxd4 Nxd4 14. Nxe5 a4 15.
Bc2 Nd7 16. Nf3 Nc5 17. Be3 Nxc2 18. Qxc2 Qxd3 19. Rac1 Qxc2 20. Rxc2 Na6 21.
Nd4 b4 22. Ngf5 Bxf5 23. Nxf5 Rfe8 24. Nxe7+ Rxe7 25. f3 Rc8 26. Rc6 Re6 27.
Rxe6 fxe6 28. Rc1 c5 29. b3 a3 30. Kf2 Kf7 31. Kg3 Rd8 32. Kf2 Rc8 33. Ke2 Ke7
34. Kd3 Kd6 35. Kc4 Kc6 36. Rd1 Rc7 37. Bf4 Rd7 38. Rxd7 Kxd7 39. Kb5 g6 40.
Kxa6 Kc6 41. Ka5 c4 42. Kxb4 1-0

[Event "Madrid 2022-2023 ch - Previa A"]
[Site "Madrid ESP"]
[Date "2023.02.22"]
[Round "9.30"]
[White "Casal Martin, Jose Manuel"]
[Black "Hortelano Hap, Ramon"]
[Result "1-0"]
[WhiteElo "1430"]
[BlackElo "1544"]
[PlyCount "99"]
[EventDate "2023.02.06"]
[EventType "swiss"]
[EventRounds "9"]
[EventCountry "ESP"]
[SourceTitle "Ajedrez en Madrid"]
[Source "lmi"]
[SourceDate "2023.02.06"]
[SourceVersion "1"]
[SourceVersionDate "2023.03.03"]
[SourceQuality "1"]

1. e4 c5 2. c3 Nf6 3. e5 Nd5 4. d4 cxd4 5. Qxd4 e6 6. Nf3 Nc6 7. Qc4 d6 8. Qa4
Bd7 9. exd6 Bxd6 10. Be2 O-O 11. O-O Qc7 12. Qh4 Nf4 13. Bxf4 Bxf4 14. g3 Bd6
15. Nbd2 Be7 16. Qc4 Rac8 17. Qe4 f5 18. Qd3 Bf6 19. Nb3 Ne5 20. Nxe5 Bxe5 21.
f4 Bf6 22. Bf3 Qb6+ 23. Kg2 Bb5 24. Qc2 Bxf1+ 25. Rxf1 Rcd8 26. Re1 Rfe8 27. h4
Qc7 28. Qb1 b6 29. Qc2 a5 30. Re2 Rd6 31. Nd2 b5 32. a3 Red8 33. Nf1 Qc4 34.
Rf2 a4 35. Be2 Qd5+ 36. Bf3 Qd3 37. Qc1 Qc4 38. Be2 Qc5 39. Bf3 e5 40. fxe5
Bxe5 41. Qb1 Bf6 42. Be2 Qd5+ 43. Bf3 f4 44. Bxd5+ Rxd5 45. Rxf4 Be5 46. Rf3
Bf6 47. b3 Bxc3 48. bxa4 bxa4 49. Qa2 Kh8 50. Rxc3 1-0

[Event "Madrid 2022-2023 ch - Previa A"]
[Site "Madrid ESP"]
[Date "2023.02.22"]
[Round "9.31"]
[White "Soofi Alizadeh, Arash"]
[Black "Moreno Sabroso, Ruben"]
[Result "0-1"]
[WhiteElo "1161"]
[BlackElo "1455"]
[PlyCount "76"]
[EventDate "2023.02.06"]
[EventType "swiss"]
[EventRounds "9"]
[EventCountry "ESP"]
[SourceTitle "Ajedrez en Madrid"]
[Source "lmi"]
[SourceDate "2023.02.06"]
[SourceVersion "1"]
[SourceVersionDate "2023.03.03"]
[SourceQuality "1"]

1. c4 Nf6 2. Nc3 g6 3. Nf3 Bg7 4. e4 d6 5. d4 O-O 6. Be2 e5 7. O-O Nc6 8. d5
Ne7 9. b4 Nd7 10. Ne1 f5 11. Nd3 Nf6 12. Ba3 fxe4 13. Nc1 Nf5 14. Nb3 Rf7 15.
c5 Bf8 16. Rc1 Ne7 17. cxd6 cxd6 18. Nc5 dxc5 19. d6 Nc6 20. Bc4 cxb4 21. Bxf7+
Kxf7 22. Bxb4 Be6 23. Bc5 b6 24. Ba3 Nd4 25. f4 exf3 26. Rxf3 Nxf3+ 27. Qxf3
Rc8 28. Rf1 Bg7 29. Ne4 Bf5 30. Ng5+ Ke8 31. Qb7 Qd7 32. Qf3 h6 33. Re1 hxg5
34. Rxe5+ Be6 35. Qe3 Kf7 36. Qxg5 Qa4 37. Qe3 Qd1+ 38. Kf2 Ng4+ 0-1